| 000 | 00000nam 2200000zi 4500 |
| 001 | 9.895403 |
| 003 | CaOODSP |
| 005 | 20221107174021 |
| 007 | cr |n||||||||| |
| 008 | 210118e199304 oncb ob f000 0 eng d |
| 020 | |z0662206096 |
| 040 | |aCaOODSP|beng |
| 043 | |an-cn--- |
| 086 | |aZ1-1989/3-41-10E-PDF|zZ1-1989/3-41-10E |
| 110 | 2 |aThomas Stephens and Associates.|eauthor. |
| 245 | 10|aSurvey of Canadian fertility programs / |cThomas Stephens and Associates : Thomas Stephens and Janice McLean, with the collaboration of Rona Achilles, Lucie Brunet, Janis Wood Catano. |
| 264 | 1|aOttawa, Ontario : |bRoyal Commission on New Reproductive Technologies, |cApril 1993. |
| 300 | |a1 online resource (1 volume (various pagings)) : |bmaps |
| 336 | |atext|btxt|2rdacontent |
| 337 | |acomputer|bc|2rdamedia |
| 338 | |aonline resource|bcr|2rdacarrier |
| 500 | |aDigitized edition from print [produced by Privy Council Canada]. |
| 500 | |aIssued also in French under title: Enquête sur les programmes d'infertilité au Canada. |
| 504 | |aIncludes bibliographical references (page 114). |
| 505 | 0 |aPreface from the Chairperson -- Mandate -- Acknowledgements -- Definitions of Terms Used in this Report -- Executive Summary -- Introduction -- Methods -- Results -- Discussion -- Conclusions -- Appendices -- Notes -- Bibliography. |
| 520 | |a"The principal objectives of this study of fertility programs in Canada were to provide 1991 statistics on patients, treatments, and outcomes; document record-keeping practices; provide data regarding counselling; and analyze written materials that were given to patients"--Executive Summary. |
| 530 | |aIssued also in printed form. |
| 650 | 0|aInfertility|xTreatment|zCanada. |
| 650 | 0|aHuman reproductive technology|zCanada. |
| 710 | 1 |aCanada.|bRoyal Commission on New Reproductive Technologies, |eissuing body. |
| 775 | 08|tEnquête sur les programmes d'infertilité au Canada / |w(CaOODSP)9.895413 |
| 776 | 0#|tSurvey of Canadian fertility programs / |w(CaOODSP)9.644755 |
| 856 | 40|qPDF|s58.38 MB|uhttps://publications.gc.ca/collections/collection_2021/bcp-pco/Z1-1989-3/Z1-1989-3-41-10-eng.pdf |